Normal view
MARC view
- Godin, Seth
Entry Personal Name
001 - CONTROL NUMBER
- control field: 120310
003 - CONTROL NUMBER IDENTIFIER
- control field: NUST
005 - DATE AND TIME OF LATEST TRANSACTION
- control field: 20240213101657.0
008 - FIXED-LENGTH DATA ELEMENTS
- fixed length control field: 240213|| aca||aabn | a|a d
040 ## - CATALOGING SOURCE
- Original cataloging agency: NUST
- Transcribing agency: NUST
100 ## - HEADING--PERSONAL NAME
- Personal name: Godin, Seth
670 ## - SOURCE DATA FOUND
- Source citation: Work cat.: (NUST)0: Godin, Seth., Small is the new big:, 2007.
